| 000 | 00967cam a22002771 4500 | ||
|---|---|---|---|
| 001 | 8759285 | ||
| 005 | 20150306100036.0 | ||
| 006 | 000 | ||
| 007 | 000 | ||
| 008 | 000 | ||
| 010 | _aagr34000776 | ||
| 035 | _a(OCoLC)1495857 | ||
| 040 |
_aUOEL _cFMU _dDLC |
||
| 042 | _apremarc | ||
| 050 | 0 | 0 |
_aQK358 _b.F97 1932 |
| 100 | 1 |
_aFyson, Philip Furley _d1877- |
|
| 245 | 0 | 4 |
_aThe flora of the South Indian hill stations, _bOotacamund, Coonoor, Kotagiri, Kodsikanal, Yercaud, and the country round, _cby P. F. Fyson ... with 611 full page plates by Mrs. Fyson, Lady Bourne, R. Natesan, the author and others. |
| 260 |
_aMadras : _bPrinted by the superintendent, Government press, _cc1932. |
||
| 300 |
_a2 v. _bplates. _c23 cm. |
||
| 505 | 0 | _aI. Text.--II. Atlas. | |
| 650 | 0 |
_aBotany _zIndia _zTamil Nadu. |
|
| 700 | 1 | _aBourne, Lady Emily Tree Glashier. | |
| 700 | 1 | _aFyson, Mrs. Diana Ruth Wilson. | |
| 906 |
_a7 _bcbc _coclcrpl _du _encip _f19 _gy-gencatlg |
||
| 942 |
_2lcc _cLL |
||
| 999 |
_c2640 _d2640 |
||